| Tag |
First Indicator |
Second Indicator |
Subfields |
| LEADER |
00000cam a22000001a 4500 |
| 001 |
in00003263021 |
| 006 |
m d f |
| 007 |
cr bn mmmapmmp |
| 008 |
090922s2002 dcua ob f000 0 eng d |
| 005 |
20260504205119.5 |
| 035 |
|
|
|a cis2007474423
|
| 040 |
|
|
|a UMI
|c UMI
|d UtOrBLW
|
| 043 |
|
|
|a n-us---
|
| 074 |
|
|
|a 1045-A
|
| 074 |
|
|
|a 1045-A (online)
|
| 074 |
|
|
|a 1045-B (MF)
|
| 074 |
|
|
|a 1045-B (online)
|
| 086 |
0 |
|
|a Y 4.P 96/10:S.HRG.107-316
|
| 099 |
|
|
|a HRG-2001-PWO-0003
|
| 110 |
1 |
|
|a United States.
|b Congress.
|b Senate.
|b Committee on Environment and Public Works.
|b Subcommittee on Fisheries, Wildlife, and Water.
|
| 245 |
1 |
0 |
|a Water and wastewater infrastructure needs :
|b hearing before the Subcommittee on Fisheries, Wildlife, and Water of the Committee on Environment and Public Works, United States Senate, One Hundred Seventh Congress, first session, on assessing the state of the nation's supply of clean water, March 27, 2001.
|
| 264 |
|
1 |
|a Washington :
|b U.S. G.P.O. :
|c 2002.
|
| 264 |
|
2 |
|a Washington :
|b For sale by the Supt. of Docs., U.S. G.P.O. [Congressional Sales Office],
|
| 300 |
|
|
|a 1 online resource.
|
| 336 |
|
|
|a text
|b txt
|2 rdacontent
|
| 337 |
|
|
|a computer
|b c
|2 rdamedia
|
| 338 |
|
|
|a online resource
|b cr
|2 rdacarrier
|
| 490 |
1 |
|
|a S. hrg. ;
|v 107-316
|
| 500 |
|
|
|a Record is based on bibliographic data in ProQuest Congressional Hearings Digital Collection. Reuse except for individual research requires license from ProQuest, LLC.
|
| 504 |
|
|
|a Includes bibliographical references.
|
| 530 |
|
|
|a Also available via Internet from the GPO Access web site. Addresses as of 7/25/02: http://frwebgate.access.gpo.gov/cgi -bin/getdoc.cgi?dbname=107 senate hearings&docid=f:78067.wais (text version), http://frwebgate.access.gpo.gov/cgi-bin/getdoc.cgi?dbname=107 senate hearings&docid=f:78067.pdf (PDF version); current access is available via PURLs.
|
| 538 |
|
|
|a System requirements: PDF reader software.
|
| 500 |
|
|
|a Electronic resource.
|
| 650 |
|
0 |
|a Water-supply
|z United States.
|
| 650 |
|
0 |
|a Water
|x Purification
|z United States.
|
| 650 |
|
0 |
|a Sewage disposal plants
|z United States.
|
| 655 |
|
7 |
|a Electronic books.
|2 local
|
| 710 |
2 |
|
|a ProQuest (Firm)
|
| 776 |
0 |
8 |
|i Print version:
|a United States. Congress. Senate. Committee on Environment and Public Works. Subcommittee on Fisheries, Wildlife, and Water.
|t Water and wastewater infrastructure needs
|w (DGPO)99098111
|
| 776 |
0 |
8 |
|i Microfiche version:
|a United States. Congress. Senate. Committee on Environment and Public Works. Subcommittee on Fisheries, Wildlife, and Water.
|t Water and wastewater infrastructure needs.
|d [Bethesda, Md.] : ProQuest,[2004]
|o CIS 2002 S321-14
|w (ProQuest)cis00202101
|
| 810 |
1 |
|
|a United States.
|b Congress.
|b Senate.
|t S. hrg. ;
|v 107 -316.
|
| 830 |
|
0 |
|a U.S. Congressional Hearings.
|
| 856 |
4 |
0 |
|u http://proxy.library.tamu.edu/login?url=https://congressional.proquest.com/congcomp/getdoc?HEARING-ID=HRG-2001-PWO-0003
|z Connect to the full text of this electronic book
|t 0
|
| 998 |
|
|
|a cis00202101
|
| 999 |
|
|
|a MARS
|
| 999 |
f |
f |
|s fbdaf296-c8d4-3311-8af6-8913d0c32398
|i 50c59a6a-1458-3c66-bee2-11a8e8816415
|t 0
|
| 952 |
f |
f |
|a Texas A&M University
|b College Station
|c Electronic Resources
|s www_evans
|d Available Online
|t 0
|e HRG-2001-PWO-0003
|h Other scheme
|
| 998 |
f |
f |
|a HRG-2001-PWO-0003
|t 0
|l Available Online
|